[Event "Perth op"]
[Site "Perth"]
[Date "2023.01.03"]
[Round "2"]
[White "Chen, Albert"]
[Black "El Fayoumi, Adam"]
[Result "0-1"]
[WhiteElo "1157"]
[BlackElo "1288"]
[PlyCount "106"]
[EventDate "2023.01.02"]
[EventType "swiss"]
[EventRounds "11"]
[EventCountry "AUS"]
[SourceTitle "CBM 212 Extra"]
[Source "ChessBase"]
[SourceDate "2023.03.31"]
[SourceVersion "1"]
[SourceVersionDate "2023.03.31"]
[SourceQuality "1"]

1. d4 f5 2. Bf4 d6 3. e3 Nf6 4. Nf3 g6 5. Bb5+ c6 6. Bd3 Bg7 7. Nbd2 a6 8. c3 b5 9. 0-0 0-0 10. Qb3+ d5 11. a4 Bb7 12. axb5 axb5 13. Rxa8 Bxa8 14. Ra1 Nbd7 15. Ne5 Nxe5 16. Bxe5 Kh8 17. Nf3 Ne4 18. Bxg7+ Kxg7 19. Bxe4 fxe4 20. Ng5 Qd6 21. Qc2 Qf6 22. Nh3 Bb7 23. Nf4 e5 24. dxe5 Qxe5 25. Qe2 Bc8 26. Ra7+ Rf7 27. Rxf7+ Kxf7 28. f3 exf3 29. Qxf3 Bf5 30. g4 Qe4 31. Qxe4 Bxe4 32. h3 Ke7 33. Ne2 c5 34. Kf2 Kf6 35. Kg3 g5 36. Kf2 Ke5 37. Ng3 d4 38. Nxe4 Kxe4 39. exd4 cxd4 40. cxd4 Kxd4 41. Ke2 Kc4 42. Kd2 Kb3 43. Kc1 Ka2 44. Kc2 b4 45. b3 Ka3 46. Kc1 Kxb3 47. Kb1 h6 48. Ka1 Kc2 49. h4 b3 50. hxg5 b2+ 51. Ka2 b1Q+ 52. Ka3 Kc3 53. Ka4 Qb4# 0-1